000 00305nam a2200133Ia 4500
008 231129s1962||||xx |||||||||||||| ||spa||
040 _bspa
082 _aM863 C348o
100 _aCastellanos Rosario
245 0 _aOficio de tinieblas
260 _c1962
264 _aJoaquin Mortiz
942 _2ddc
_cBKS
999 _c22065
_d22065